书目信息 |
| 题名: |
中国"三农"问题的困境与出路
|
|
| 作者: | 秦庆武 , 许锦英 著 | |
| 分册: | ||
| 出版信息: | 济南 山东人民出版社 2004.10 |
|
| 页数: | 325页 | |
| 开本: | 21cm | |
| 丛书名: | 山东省深化"三个代表"重要思想理论研究系列课题 | |
| 单 册: | ||
| 中图分类: | F32 | |
| 科图分类: | ||
| 主题词: | 农业经济--研究--中国 , 农村经济--研究--中国 | |
| 电子资源: | ||
| ISBN: | 7-209-03554-0 | |
| 000 | 01014nam 2200265 450 | |
| 001 | 0138800686 | |
| 005 | 20050919110050.71 | |
| 010 | @a7-209-03554-0@dCNY30.00 | |
| 100 | @a20050316d2004 km y0chiy0120 ea | |
| 101 | 0 | @achi |
| 102 | @aCN@b370000 | |
| 105 | @ay z 000yy | |
| 200 | 1 | @a中国"三农"问题的困境与出路@Azhong guo"san nong"wen ti de kun jing yu chu lu@f秦庆武,许锦英等著@Fqin qing wu,xu jin ying deng zhu |
| 210 | @a济南@c山东人民出版社@d2004.10 | |
| 215 | @a325页@d21cm | |
| 225 | 2 | @a山东省深化"三个代表"重要思想理论研究系列课题@f王敏 |
| 330 | @a本书以中国全面建设小康社会和实现现代化的根本问题三农问题为对象,分析三农问题的突出表现、剖析问题存在的深层原因,提出解决办法。 | |
| 410 | 0 | @12001 @a山东省深化"三个代表"重要思想理论研究系列课题@1701 0@a王敏@Awang min |
| 606 | 0 | @a农业经济@x研究@y中国 |
| 606 | 0 | @a农村经济@x研究@y中国 |
| 690 | @aF32@v4 | |
| 701 | 0 | @a秦庆武@Aqin qing wu@4著 |
| 701 | 0 | @a许锦英@Axu jin ying@4著 |
| 801 | 0 | @aCN@bQSSK@c20050919 |
| 905 | @a10447@dF32@eQ427 | |
| 中国"三农"问题的困境与出路/秦庆武,许锦英等著.-济南:山东人民出版社,2004.10 |
| 325页;21cm.-(山东省深化"三个代表"重要思想理论研究系列课题/王敏) |
| ISBN 7-209-03554-0:CNY30.00 |
| 本书以中国全面建设小康社会和实现现代化的根本问题三农问题为对象,分析三农问题的突出表现、剖析问题存在的深层原因,提出解决办法。 |
| ● |
| 相关链接 |
|
|
|
正题名:中国"三农"问题的困境与出路
索取号:F32/Q427
 
预约/预借
| 序号 | 登录号 | 条形码 | 馆藏地/架位号 | 状态 | 备注 |
| 1 | 523594 | 205235949 | 社科库409/409社科库 32排6列5层/ [索取号:F32/Q427] | 在馆 | |
| 2 | 523595 | 205235958 | 社科库409/409社科库 32排6列5层/ [索取号:F32/Q427] | 在馆 | |
| 3 | 523596 | 205235967 | 社科库409/409社科库 32排6列5层/ [索取号:F32/Q427] | 在馆 |